Knihy
Uloženo v:
LEADER 05949nam a2201165 i 4500
001 nkc20223406725
003 CZ PrNK
005 20241121103859.0
007 ta
008 220923s2022 xr ach f 001 0 cze
015 |a cnb003406725 
020 |a 978-80-200-3377-2  |q (Academia ;  |q vázáno) 
020 |a 978-80-7658-053-4  |q (Ústav pro českou literaturu AV ČR ;  |q vázáno) 
035 |a (OCoLC)1357138778 
040 |a ABA001  |b cze  |d BOA001  |e rda 
041 0 |a cze  |b eng 
043 |a e-xr--- 
045 |a x3x4 
072 7 |a 821.162.3.09  |x Česká literatura (o ní)  |2 Konspekt  |9 11 
080 |a 821.162.3  |2 MRF 
080 |a 808.1  |2 MRF 
080 |a 82-027.22  |2 MRF 
080 |a 82:316.3  |2 MRF 
080 |a 82:355.01  |2 MRF 
080 |a 82:32  |2 MRF 
080 |a 316.72/.75  |2 MRF 
080 |a (437.3)  |2 MRF 
080 |a (048.8:082)  |2 MRF 
100 1 |a Janoušek, Pavel,  |d 1956-  |7 jn20000710066  |4 aut 
245 1 0 |a Dějiny české literatury v Protektorátu Čechy a Morava /  |c Pavel Janoušek a kolektiv ; spoluautoři a spoluautorky Lucie Antošíková, Zdeněk Brdek, Marie Brunová, Eduard Burget, Vojen Drlík, Erik Gilk, Lukáš Holeček, Petr Hruška, Petr Janeček, Pavel Janoušek, Michal Jareš, Lenka Jungmannová, Ivan Klimeš, Jiří Křesťan, Klára Kudlová, Petra Loučová, Martin Lukáš, Iva Málková, Ester Nováková, Luisa Nováková, Iva Mikulová, Martin Pilař, Kateřina Piorecká, Karel Piorecký, Alena Šidáková Fialová, Pavel Šidák, Martina Šmejkalová, Jitka Šotkovská, Štefan Švec, Milena Šubrtová, Václav Velčovský, Petra Zachatá, Jiří Zizler 
250 |a Vydání první 
264 1 |a Praha :  |b Academia :  |b Ústav pro českou literaturu AV ČR,  |c 2022 
300 |a 735 stran :  |b ilustrace (převážně barevné), portréty, faksimile ;  |c 29 cm 
336 |a text  |b txt  |2 rdacontent 
337 |a bez média  |b n  |2 rdamedia 
338 |a svazek  |b nc  |2 rdacarrier 
504 |a Obsahuje bibliografie, bibliografické odkazy a rejstříky 
546 |a Anglické resumé 
648 7 |a 1938-1945  |7 ch525257  |2 czenas 
648 7 |a 1939-1945  |7 ch460653  |2 czenas 
650 0 7 |a česká literatura  |7 ph116858  |y 1938-1945  |2 czenas 
650 0 7 |a literární tvorba  |7 ph117227  |z Česko  |y 1938-1945  |2 czenas 
650 0 7 |a literární život  |7 ph122405  |z Česko  |y 1938-1945  |2 czenas 
650 0 7 |a literatura a společnost  |7 ph122371  |z Česko  |y 1938-1945  |2 czenas 
650 0 7 |a literatura a válka  |7 ph676902  |z Česko  |y 1938-1945  |2 czenas 
650 0 7 |a literatura a politika  |7 ph122370  |z Česko  |y 1938-1945  |2 czenas 
650 0 7 |a kultura a společnost  |7 ph122010  |z Česko  |y 1938-1945  |2 czenas 
650 0 9 |a Czech literature  |y 1938-1945  |2 eczenas 
650 0 9 |a literary creation  |z Czechia  |y 1938-1945  |2 eczenas 
650 0 9 |a literary life  |z Czechia  |y 1938-1945  |2 eczenas 
650 0 9 |a literature and society  |z Czechia  |y 1938-1945  |2 eczenas 
650 0 9 |a literature and war  |z Czechia  |y 1938-1945  |2 eczenas 
650 0 9 |a literature and politics  |z Czechia  |y 1938-1945  |2 eczenas 
650 0 9 |a culture and society  |z Czechia  |y 1938-1945  |2 eczenas 
651 7 |a Protektorát Čechy a Morava (1939-1945)  |7 ge137396  |2 czenas 
651 9 |a Bohemia and Moravia (Protectorate, 1939-1945)  |2 eczenas 
655 7 |a kolektivní monografie  |7 fd501537  |2 czenas 
655 9 |a collective monographs  |2 eczenas 
700 1 |a Antošíková, Lucie,  |d 1982-  |7 jo2016902483  |4 aut 
700 1 |a Brdek, Zdeněk,  |d 1982-  |7 jcu2013769526  |4 aut 
700 1 |a Brunová, Marie,  |d 1975-  |7 pna20211115649  |4 aut 
700 1 |a Burget, Eduard,  |d 1972-2023  |7 js20011212182  |4 aut 
700 1 |a Drlík, Vojen,  |d 1944-  |7 ola200207416  |4 aut 
700 1 |a Gilk, Erik,  |d 1973-  |7 jo20010086112  |4 aut 
700 1 |a Holeček, Lukáš,  |d 1985-  |7 jo2013744238  |4 aut 
700 1 |a Hruška, Petr,  |d 1964-  |7 jn19990209272  |4 aut 
700 1 |a Janeček, Petr,  |d 1978-  |7 jo2006362250  |4 aut 
700 1 |a Janoušek, Pavel,  |d 1956-  |7 jn20000710066  |4 aut 
700 1 |a Jareš, Michal,  |d 1973-  |7 jo2002102408  |4 aut 
700 1 |a Jungmannová, Lenka,  |d 1967-  |7 jo20010085990  |4 aut 
700 1 |a Klimeš, Ivan,  |d 1957-  |7 jn99240000452  |4 aut 
700 1 |a Křesťan, Jiří,  |d 1957-  |7 jn20000401577  |4 aut 
700 1 |a Kudlová, Klára,  |d 1976-  |7 js20020218013  |4 aut 
700 1 |a Loučová, Petra,  |d 1984-  |7 mzk2013772141  |4 aut 
700 1 |a Lukáš, Martin,  |d 1985-  |7 xx0175994  |4 aut 
700 1 |a Málková, Iva,  |d 1962-  |7 xx0001449  |4 aut 
700 1 |a Nováková, Ester,  |d 1978-  |7 mub2011658273  |4 aut 
700 1 |a Nováková, Luisa,  |d 1971-  |7 mzk2003195304  |4 aut 
700 1 |a Mikulová, Iva,  |d 1984-  |7 mzk2011645580  |4 aut 
700 1 |a Pilař, Martin,  |d 1955-  |7 jn99240000875  |4 aut 
700 1 |a Piorecká, Kateřina,  |d 1976-  |7 xx0001691  |4 aut 
700 1 |a Piorecký, Karel,  |d 1978-  |7 js20060120073  |4 aut 
700 1 |a Šidák, Pavel,  |d 1977-  |7 xx0061873  |4 aut 
700 1 |a Šidáková Fialová, Alena,  |d 1979-  |7 js20050725018  |4 aut 
700 1 |a Šmejkalová, Martina,  |d 1970-  |7 mzk2005279511  |4 aut 
700 1 |a Šotkovská, Jitka,  |d 1982-  |7 pag2010567919  |4 aut 
700 1 |a Švec, Štefan,  |d 1978-  |7 jo20000075554  |4 aut 
700 1 |a Šubrtová, Milena,  |d 1965-  |7 mzk2005282542  |4 aut 
700 1 |a Velčovský, Václav,  |d 1983-  |7 mzk2002160744  |4 aut 
700 1 |a Janák Zachatá, Petra,  |d 1994-  |7 av20201069111  |4 aut 
700 1 |a Zizler, Jiří,  |d 1963-  |7 js20021104011  |4 aut 
910 2 |a BOA001  |b 4-1500.522 
928 9 |a Akademie věd České republiky, Ústav pro českou literaturu 
990 |a BK 
995 |a 01 
991 |b 202212  |c NOV 
996 6 |b 2610924027  |c 4-1500.522  |l MZK  |r Sklad / do 1 hodiny  |n 4  |p p.v.  |w 001907746  |u 000010  |a 1  |e BOA001  |j MZK50  |s P 
996 6 |b 2610927147  |c 4-1500.522  |l MZK  |r HSS 4p  |n 0  |p kup  |h 821.162.3 JAN  |w 001907746  |u 000020  |a 0  |e BOA001  |j MZK50  |s P 
996 7 |b 2610927148  |c 4-1500.522  |l MZK  |r Sklad / do 1 hodiny  |n 9  |p kup  |w 001907746  |u 000030  |a 1  |e BOA001  |j MZK50  |s A 
996 7 |b 2610987938  |c 4-1500.522  |l MZK  |r Sklad / do 1 hodiny  |n 3  |p dar  |w 001907746  |u 000040  |a 1  |e BOA001  |j MZK50  |s A